Statistics for Number of Stickers on Rubix Cubes

Click here to take the quiz!

General Stats

  • This quiz has been taken 51 times
  • The average score is 3 of 10

Answer Stats

SizeStickers% Correct
16
96%
224
85%
354
78%
496
19%
5150
11%
10600
7%
6216
0%
7294
0%
8384
0%
9486
0%

Score Distribution

Percentile by Number Answered

Percent of People with Each Score

Your Score History

You have not taken this quiz